| 000 | 01094nam0a22002771 4500 | ||
|---|---|---|---|
| 001 | rc\2772627 | ||
| 005 | 20250806201234.0 | ||
| 035 | _a(NLR Aleph) 006898982 | ||
| 090 |
_a16339 _c16339 |
||
| 100 | _a20110915d1941 u y0rusy50 ca | ||
| 101 | 0 | _arus | |
| 102 | _aRU | ||
| 105 | _aa z ||||| | ||
| 200 | 1 |
_aУход за больными _fМ. Л. Мордкович, военврач I ранга _gПод ред. бригврача проф. И. Н. Ищенко и военврача I ранга канд. мед. наук И. Б. Вейнерова |
|
| 210 |
_aКиев _cГосмедиздат УССР _d1941 |
||
| 215 |
_a64 с. _cил. _d14 см. |
||
| 225 | 1 |
_aВ помощь сестре запаса _fКиевск. окр. воен. госпиталь |
|
| 300 | _aМикрофильм | ||
| 700 | 1 |
_aМордкович _bМ.Л. _gМоисей Львович |
|
| 801 | 0 |
_aRU _bNLR _gpsbo |
|
| 801 | 1 |
_aRU _bELAR _2rusmarc |
|
| 852 |
_aNLR _jМф К1/345 |
||
| 942 | _cBOOK | ||
| 945 | _aРоссийская национальная библиотека | ||
| 980 | _aNB | ||
| 980 | _aBV | ||